000 00971cad a22002295a 4500
001 L153917
008 110921s20110919 d f s 000 0 eng u
035 _a(Sirsi) u153917
041 0 _aeng
050 _a333.33 $2 18
110 2 _aRightmove
245 0 0 _aAct now to move before Christmas
_h[electronic resource]
260 _aLondon
_bRightmove
_c2011
490 0 0 _aRightmove House Price Index
_vSeptember 2011
520 _aAverage national asking price up by 0.7% on August 2011. Year on year growth is 1.5%. Recovery still remains on hold until the lending squeeze eases. First-time buyer stamp duty relief is due to finish on 25th March 2012.
590 _aKA
650 2 4 _aRIGHTMOVE HOUSE PRICE INDEX
651 4 _aUnited Kingdom
_y
690 _aPROPERTY-RESIDENTIAL PROPERTY-RESIDENTIAL PROPERTY MARKET
856 4 0 _uhttps://www.rightmove.co.uk/news/files/2011/09/september-2011.pdf
_zView the item free of charge at www.rightmove.co.uk
942 _n0
999 _c112765
_d112765